El Nuevo Mundo descubierto por Cristobal Colón (Record no. 172462)
[ view plain ]
| 000 -LEADER | |
|---|---|
| campo de control de longitud fija | 00846nam a2200217 i 4500 |
| 001 - NÚMERO DE CONTROL | |
| campo de control | 172462 |
| 003 - IDENTIFICADOR DE NÚMERO DE CONTROL | |
| campo de control | ES-MaACL |
| 005 - FECHA Y HORA DE LA ÚLTIMA TRANSACCIÓN | |
| campo de control | 20240529062951.0 |
| 008 - DATOS DE LONGITUD FIJA--INFORMACIÓN GENERAL | |
| campo de control de longitud fija | 090708s1980 fr |||| | spa d |
| 020 ## - NÚMERO INTERNACIONAL ESTÁNDAR DEL LIBRO | |
| Número Internacional Estándar del Libro | 2-859-39153-3 |
| 080 ## - NÚMERO DE LA CLASIFICACIÓN DECIMAL UNIVERSAL | |
| Número de la Clasificación Decimal Universal | 821.134.2-22"16" |
| 100 1# - ENTRADA PRINCIPAL--NOMBRE DE PERSONA | |
| Nombre de persona | Vega, Lope de, |
| Fechas asociadas al nombre | 1562-1635 |
| 9 (RLIN) | 113563 |
| 245 13 - MENCIÓN DEL TÍTULO | |
| Título | El Nuevo Mundo descubierto por Cristobal Colón |
| Resto del título | : comedia de Lope de Vega Carpio / |
| Mención de responsabilidad, etc. | édition critique, comentée et annotée par J. Lemartinel et Charles Minguet. |
| 260 ## - PUBLICACIÓN, DISTRIBUCIÓN, ETC. | |
| Lugar de publicación, distribución, etc. | [Lille] : |
| Nombre del editor, distribuidor, etc. | Presses Universitaires de Lille, |
| Fecha de publicación, distribución, etc. | [1980] |
| 300 ## - DESCRIPCIÓN FÍSICA | |
| Extensión | XV, 69 p. ; |
| Dimensiones | 24 cm. |
| 546 ## - NOTA DE IDIOMA | |
| Nota de lengua/lenguaje | Texto español, introducción y notas en francés. |
| 700 1# - ENTRADA AGREGADA--NOMBRE PERSONAL | |
| Nombre de persona | Lemartinel, Jean. |
| 9 (RLIN) | 140999 |
| 700 0# - ENTRADA AGREGADA--NOMBRE PERSONAL | |
| Nombre de persona | Minguet, Charles. |
| 9 (RLIN) | 81340 |
| 852 ## - LOCALIZACIÓN | |
| Ubicación | ES-MaACL |
| Número de control de estantería | E-12775 |
| itemnumber | R.139223 |
| Nota libre | .- Biblioteca Jacinto Martínez Lacalle |
| Estatus retirado | Estado de pérdida | Estado de daño | No para préstamo | Biblioteca de origen | Biblioteca actual | Ubicación en estantería | Fecha de adquisición | Fuente de adquisición | Total de préstamos | Signatura topográfica completa | Código de barras | Visto por última vez | Precio de reemplazo | Tipo de ítem Koha |
|---|---|---|---|---|---|---|---|---|---|---|---|---|---|---|
| Biblioteca del Ateneo de Madrid | Biblioteca del Ateneo de Madrid | Depósito 2 | 08/07/2009 | E-12775 | 1180988 | 23/02/2023 | 23/02/2023 | Libro impreso |
